=LDR 00000nam 2200000 4500 =001 000994 =005 20250712022714 =035 ##$$a 0010-0725000873 =007 ta =008 250712################a##########0#ind## =020 ##$$a 978-623-307-434-6 =082 ##$$a 398.209 598 =084 ##$$a 398.209 598 OGI k =100 #$$a Ogin nayam =245 1#$$a Kumbang bertualangan /$c Ogin nayam =250 ##$$a Cetakan pertama =260 ##$$a Rawamangun :$b Badan pengembangan dan pembinaan bahasa,$c 2022 =300 ##$$a 16hlm. : $b Ilus. ; $c 29cm =650 #4$$a Cerita anak indonesia-terjemahan